000 00791nam a22001817a 4500
005 20120215114643.0
020 _c220.00
_a8190248235
035 _aB-200866
037 _b
_adpl
082 _a230.1
100 _aबाली, सूर्यकान्त
_942078
245 1 _aमहाभारत पुनः पाठ /
_cसूर्यकान्त बाली
260 _aदिल्ली
_bधारिका पब्लिकेशन्स
_c2006
270 _a
_b
_e
_k
300 _a152पृ.
_c22सेमी (सजिल्द)
942 _adpl
_cHN
_k
_2ddc
_h230.1
_mबालीसु
999 _c62834
_d62834